000 04993nam0a22005291 4500
001 RU\NLR\A1\11342
005 20260408063631.0
035 _a(NLR Aleph) 009674129
090 _a9675191
_c9675191
100 _a19980706d1791 u y0rusy50 ca
101 0 _arus
102 _aRU
140 _ay y dayaa0100
200 1 _aОпера комическая Санктпетербургской гостиной двор
_eВ трех действиях
205 _aИздание первое
210 _aМосква
_cв вольной типографии А. Решетникова
_d1791
215 _a116 c.
_d
300 _aОпера была напечатана без ведома и разрешения авт., "по старому расположению" (см. "Предуведомление" к испр. авт. изд. под загл.: "Как поживешь, так и прослывешь").
300 _aВ первый раз была представлена в Петербурге 26 дек. 1779 г.
300 _aМузыка В. А. Пашкевича
300 _aЦенз.: с указ. дозв. (на обороте тит. л.)
300 _aИмеются ошибки в колонцифрах.
316 _aЭкз. РНБ (19.113а.1.47) в составе владельч. конволюта. Припл. 1 ед. В состав. картон. пер., обтянутом мраморной бумагой (на торцах истерлась), с коричневыми кожаными корешком и уголками. На нижней крышке пер. экслибрис Рус. фонда ГПБ с шифром. Корешок гладкий, с золотым тиснением; надорван, утрачен фрагм. На корешке две темно-зеленые кожаные наклейки с вытисн. золотом загл. и номером: "Театр", "13". Обрез крапчатый коричневый. На форзаце ярлык-марка РНБ. На тит. л., с.33 круглый штамп ГПБ. Потеки по всему кн. блоку.
_5NLR: 19.113а.1.47
316 _aЭкз. РНБ (138/2799) в отреставр. состав. картон. пер., обтянутом зеленой бумагой, с зелеными ледериновыми корешком и уголками. На нижней крышке пер. экслибрис Рус. фонда ГПБ с шифром. На обороте тит. л. экслибрис Рус. фонда ГПБ с шифром, круглый штамп ГПБ, библиогр. запись. На с.33 круглый штамп ГПБ. На с.116 экслибрис Рус. фонда ГПБ с шифром, техн. штамп. Загрязнения по всему кн. блоку.
_5NLR: 138/2799
321 1 _aСК XVIII 4103
321 1 _aСК XVIII. Доп. С.113
451 1 _1001RU\NLR\A1\11340
_12001#$aКак поживешь, так и прослывешь,$eЗабавное зрелище с песнями, в трех действиях.
_1700#1$aМатинский$bМ. А.$f1750-ок. 1820$gМихаил Алексеевич$3RU\NLR\AUTH\770191699
_99675182
_aМатинский, М. А. (1750-ок. 1820)
_cВ Санктпетербурге
_d1792
_nпечатано в типографии Ф. Брейткопфа
_oзабавное зрелище с песнями, в трех действиях.
_p[4], 112 c.
_tКак поживешь, так и прослывешь,
_uhttp://vivaldi.nlr.ru/bx000016924/view
481 0 _1001RU\NLR\A1\10330
_99673639
_aКокошкин, И. А. (1765-1835)
_cВ Санктпетербурге
_d1790
_n[Тип. Богдановича?]
_oКомедия в трех действиях с хорами и балетом.
_p80 c.
_tПоход под шведа.
_uhttp://vivaldi.nlr.ru/bx000016368/view
517 1 _aКак поживешь, так и прослывешь
518 1 _aСанкт-петербургский гостиный двор
620 _dМосква
700 1 _7ca
_8rus
_aМатинский
_bМ. А.
_f1750-ок. 1820
_gМихаил Алексеевич
_9191648
_3RU\NLR\AUTH\770191699
702 1 _4230
_8rus
_7ca
_aПашкевич
_bВ. А.
_fок.1742-1797
_gВасилий Алексеевич
_3RU\NLR\AUTH\7792829
_975755
702 1 _4610
_8rus
_7ca
_aРешетников
_bА. Г.
_cиздатель
_f18 в.-19 в.
_gАндрей Гордеевич
_3RU\NLR\AUTH\77104105
_987030
712 0 0 _4610
_aРешетников,
_gА. Г.,
_hтипография
_cМосква
_3RU\NLR\AUTH\8810035690
_9569802
801 0 _aRU
_bNLR
_c19980706
852 _aNLR
_j19.113а.1.47
852 _aNLR
_j138/2799
899 _aРГБ
899 _aБАН
899 _aКостОУНБ
899 _aГПИБ
899 _aСПбГТБ
942 _cBOOK
980 _aNB
980 _aA1XVIIIv